[Event "ROM-ch U16"]
[Site "Calimanesti"]
[Date "2013.04.05"]
[Round "5"]
[White "Baiasu, Mihai Liviu"]
[Black "Popa, Mihai Ovidiu"]
[Result "0-1"]
[WhiteElo "1407"]
[BlackElo "1607"]
[PlyCount "64"]
[EventDate "2013.04.02"]
[EventType "swiss"]
[EventRounds "9"]
[EventCountry "ROU"]
[SourceTitle "CBM 153 Extra"]
[Source "ChessBase"]
[SourceDate "2013.04.22"]
[SourceVersion "1"]
[SourceVersionDate "2013.04.22"]
[SourceQuality "1"]

1. e4 e6 2. d3 d5 3. Nd2 c5 4. Ngf3 Nc6 5. g3 b6 6. Bg2 Bb7 7. 0-0 Qc7 8. Re1 0-0-0 9. c3 Nf6 10. e5 Nd7 11. d4 Be7 12. Nf1 h6 13. h4 Rdg8 14. N1h2 Qd8 15. a3 g5 16. h5 g4 17. Nd2 cxd4 18. cxd4 Nxd4 19. Nxg4 Qc7 20. Re3 Nc6 21. Rc3 Ndxe5 22. Nh2 d4 23. Rc2 d3 24. Rc3 Bc5 25. Nhf3 Nxf3+ 26. Nxf3 Qxg3 27. Qf1 Qxf3 28. Rxd3 Rxg2+ 29. Qxg2 Qxd3 30. Qg7 Qd1+ 31. Kg2 Ne7+ 32. Kh2 Qxh5+ 0-1

[Event "ROM-ch"]
[Site "Baile Olanesti"]
[Date "2013.02.22"]
[Round "9"]
[White "Baiasu, Mihai Liviu"]
[Black "Teodorescu, Dan"]
[Result "0-1"]
[WhiteElo "1428"]
[BlackElo "1716"]
[PlyCount "51"]
[EventDate "2013.02.16"]
[EventType "swiss"]
[EventRounds "11"]
[EventCountry "ROU"]
[SourceTitle "CBM 153 Extra"]
[Source "ChessBase"]
[SourceDate "2013.04.22"]
[SourceVersion "1"]
[SourceVersionDate "2013.04.22"]
[SourceQuality "1"]

1. e4 e5 2. Nf3 Nc6 3. Bc4 Bc5 4. c3 Qe7 5. d4 Bb6 6. 0-0 Nf6 7. Bg5 0-0 8. Re1 d6 9. b4 Bg4 10. d5 Nb8 11. Nbd2 h6 12. Bh4 g5 13. Bg3 Nh5 14. h3 Bxh3 15. Nd4 Nxg3 16. gxh3 exd4 17. fxg3 dxc3+ 18. Kg2 cxd2 19. Qxd2 Nd7 20. Rf1 Qxe4+ 21. Kh2 Qxc4 22. Rf5 Qd4 23. Qc2 Qxa1 24. h4 g4 25. Qg2 Rae8 26. Rf1 0-1

[Event "ROM-ch"]
[Site "Baile Olanesti"]
[Date "2013.02.20"]
[Round "6"]
[White "Ciorica, Ovidiu Nicolaie"]
[Black "Baiasu, Mihai Liviu"]
[Result "1/2-1/2"]
[WhiteElo "1618"]
[BlackElo "1428"]
[PlyCount "87"]
[EventDate "2013.02.16"]
[EventType "swiss"]
[EventRounds "11"]
[EventCountry "ROU"]
[SourceTitle "CBM 153 Extra"]
[Source "ChessBase"]
[SourceDate "2013.04.22"]
[SourceVersion "1"]
[SourceVersionDate "2013.04.22"]
[SourceQuality "1"]

1. e4 e5 2. Bc4 Nc6 3. Nc3 Bb4 4. Nd5 Nf6 5. Nxb4 Nxb4 6. a3 Nc6 7. d3 d5 8. exd5 Nxd5 9. Nf3 Bg4 10. Bxd5 Qxd5 11. c4 Qd7 12. Be3 0-0-0 13. h3 Bh5 14. 0-0 Qxd3 15. Qa4 Kb8 16. Nxe5 Nxe5 17. Qxa7+ Kc8 18. Qa8+ Kd7 19. Qxb7 Rb8 20. Qd5+ Qxd5 21. cxd5 Rxb2 22. Bd4 Rd2 23. Bxe5 f6 24. Bc3 Rxd5 25. Rfe1 c5 26. Rab1 Rd3 27. Re3 c4 28. Rb7+ Kc6 29. Rxg7 Ra8 30. Bb4 Rd1+ 31. Kh2 Rf1 32. Rxh7 Bg6 33. Rh6 Rg8 34. Re6+ Kb5 35. Rxf6 Be4 36. f3 Rf2 37. Rhg6 Bxg6 38. Kg1 Ra2 39. g4 c3 40. Bxc3 Rd8 41. a4+ Kc5 42. Re6 Rd3 43. Be1 Rd1 44. f4 1/2-1/2